One Piece - îles en fonction d'Emoji - Statistiques

Statistiques générales
  • Ce quiz a été pris 185 fois
  • Le résultat moyen est 15 sur 28
Statistiques - réponses
Emojis îles % Correct
🏜️🏰🌴 Alabasta
84%
🔥❄️🧪 Punk Hazard
84%
🌑💀🦇 Thriller Bark
83%
🍴⚓👨‍🍳 Baratie
82%
⚓🏯👮‍♂️ Marineford
82%
🐘🌳🐋 Zou
80%
🍰🏰🍬 Whole Cake Island
79%
❄️🏰👩‍⚕️ Royaume de Drum
78%
☁️🏝️🔔 Skypiea
77%
🧪🤖☁️ Egghead
76%
🏯⛓️🔥 Impel Down
69%
🐟🐙🌊 île des Hommes-Poissons
65%
⚖️🏯🚪 Enies Lobby
64%
🦖👤🌋 Little Garden
64%
🏯🦈🌊 Cocoyashi ( Arlong Park )
62%
🏯👹💀 Onigashima
55%
☀️🧸💕 Dressrosa
53%
⛲🏗️🌊 Water 7
51%
🧐📚🌳 Ohara
40%
🏴‍☠️💀🍺 Jaya
28%
🌴🥊💃 Amazon Lily
24%
🌴✨👑 Archipel des Sabaody
22%
🏛️👑⚔️ Loguetown
17%
🦁🦒🦓 L'Île des Animaux Rares
15%
🏜️🍶🏹 Whiskey Peak
15%
🌱🌸🐛 Archipel de Boing
12%
🏘️🌾👒 île de Dawn ( Fuchsia )
6%
🗑️🌫️🏚️ Grey Terminal
5%
Aucun quiz correspondant
Distribution des résultats
% des personnes avec chaque résultat
Percentile par nombre de réponses
Votre historique - résultats
Vous n’avez pas pris ce quiz